00506nam a22001697a 450000500170000001000150001702000260003203500130005803700130007108200120008410000170009624500620011326000430017527000540021830000240027250000400029620150615154637.0 aENG-112998 a9788170546061c300.00 aEN-96530 bDBAD/PUB a338.954 aSingh, Neelu aIndian economy :breforms & performance /cby Neelu Singh aNew DelhibClassical Publishing c2012 a28- Shopping Centre, KarampurabNew Delhie110015 axii,128p.c22cm(Hb) aIncludes bibliographical references